Oscar Despard
Cambridge A
Categories
Science - Biology | 0 | 7 | 0 | 0 | 70 | 29 | 68.14 | 6 | 7 |
Social Science | 0 | 3 | 0 | 0 | 30 | 55 | 80.33 | 1 | 1 |
Science - Chemistry | 0 | 3 | 0 | 0 | 30 | 69 | 78.67 | 3 | 3 |
Literature - European Literature | 0 | 1 | 0 | 0 | 10 | 36 | 36.00 | 1 | 1 |
Mythology | 0 | 1 | 0 | 0 | 10 | 96 | 96.00 | 0 | 0 |
Other | 0 | 1 | 0 | 0 | 10 | 92 | 92.00 | 0 | 1 |
History - European History | 0 | 1 | 0 | 0 | 10 | 51 | 51.00 | 1 | 1 |
Literature - American Literature | 0 | 1 | 0 | 0 | 10 | 87 | 87.00 | 0 | 0 |
Science - Physics | 0 | 1 | 0 | 0 | 10 | 65 | 65.00 | 0 | 1 |
History - American History | 0 | 0 | 1 | 0 | -5 | 0.00 | 0 | 0 | |
Religion | 0 | 0 | 1 | 0 | -5 | 0.00 | 0 | 0 |